000 00307nam a2200133Ia 4500
005 20260328104342.0
008 260328s9999||||xx |||||||||||||| ||und||
100 _aPenela, Alfonso
245 0 _aMTI /
_cAlfonso Penela
260 _bGrupo san Jose
300 _a54 p.
650 _aARQUITECTOS
942 _cBK
999 _c12167
_d12167